Normal view
MARC view
- Jha,B.K. Dr. & Srikanth , S.
Entry Personal Name
001 - CONTROL NUMBER
- control field: 18949
003 - CONTROL NUMBER IDENTIFIER
- control field: NUST
005 - DATE AND TIME OF LATEST TRANSACTION
- control field: 20190801052332.0
008 - FIXED-LENGTH DATA ELEMENTS
- fixed length control field: 190801|| aca||aabn | a|a d
040 ## - CATALOGING SOURCE
- Original cataloging agency: NUST
- Transcribing agency: NUST
100 ## - HEADING--PERSONAL NAME
- Personal name: Jha,B.K. Dr. & Srikanth , S.
670 ## - SOURCE DATA FOUND
- Source citation: Work cat.: (NUST): Jha,B.K. Dr. & Srikanth , S., THERMO-MECHANICAL SIMULATION & PROCESSING OF STEELS \, 2013.
